Marine aquaculture and the landscape (Record no. 109644)

MARC details
000 -LEADER
fixed length control field 01256cad a22002535a 4500
001 - CONTROL NUMBER
control field E147602
008 - FIXED-LENGTH DATA ELEMENTS--GENERAL INFORMATION
fixed length control field 090528s2001 xxk f 000 0 eng d
020 ## - INTERNATIONAL STANDARD BOOK NUMBER
International Standard Book Number 1853972940
035 ## - SYSTEM CONTROL NUMBER
System control number (Sirsi) u147602
041 0# - LANGUAGE CODE
Language code of text/sound track or separate title eng
050 04 - LIBRARY OF CONGRESS CALL NUMBER
Classification number 639.8 $2 18
110 2# - MAIN ENTRY--CORPORATE NAME
Corporate name or jurisdiction name as entry element Scottish Natural Heritage
9 (RLIN) 2794
245 00 - TITLE STATEMENT
Title Marine aquaculture and the landscape
Remainder of title the siting and design of marine aquaculture developments in the landscape
Medium [electronic resource]
260 ## - PUBLICATION, DISTRIBUTION, ETC.
Place of publication, distribution, etc. [Redgorton]
Name of publisher, distributor, etc. SNH
Date of publication, distribution, etc. 2001
505 2# - FORMATTED CONTENTS NOTE
Formatted contents note Introduction -- Section 1: choosing a location -- Section 2: siting and layout -- Section 3: detail design -- Conclusions
520 ## - SUMMARY, ETC.
Summary, etc. Offers guidance on assessing the visual impact of marine aquaculture developments on the landscape. Provides thode involved with such developments witha framework for making decisions on the siting and design of both onshore and marine-based facilities.
520 ## - SUMMARY, ETC.
Summary, etc. Superseded by 2011 guidance (ISBN 9781853978272).
521 ## - TARGET AUDIENCE NOTE
Target audience note Advanced
590 ## - LOCAL NOTE (RLIN)
Local note KA
651 #4 - SUBJECT ADDED ENTRY--GEOGRAPHIC NAME
Geographic name Scotland
Chronological subdivision 1999-
690 ## - LOCAL SUBJECT ADDED ENTRY--TOPICAL TERM (OCLC, RLIN)
Topical term or geographic name as entry element PROPERTY-RURAL AND NATURAL ASSETS-WATER RESOURCES
856 40 - ELECTRONIC LOCATION AND ACCESS
Uniform Resource Identifier <a href="https://www.snh.org.uk/publications/on-line/heritagemanagement/aquaculture/">https://www.snh.org.uk/publications/on-line/heritagemanagement/aquaculture/</a>
Public note View the guidance free of charge at www.snh.org.uk...
942 ## - ADDED ENTRY ELEMENTS (KOHA)
Suppress in OPAC 0
Holdings
Withdrawn status Lost status Source of classification or shelving scheme Damaged status Not for loan Home library Current library Shelving location Date acquired Total Checkouts Full call number Barcode Date last seen Copy number Price effective from Koha item type
    Dewey Decimal Classification     Virtual Virtual Online 28/05/2009   ONLINE PUBLICATION 147602-2001 06/08/2019 1 06/08/2019 Book